| 000 | 00994cam a2200277 a 4500 | ||
|---|---|---|---|
| 999 |
_c4211 _d4211 |
||
| 001 | 135746 | ||
| 003 | GBCCL | ||
| 005 | 20241126110513.0 | ||
| 008 | 810220r19661934nyu 000 0 eng d | ||
| 035 | _a(OCoLC)ocn225082056 | ||
| 035 | _a(OCoLC)225082056 | ||
| 040 |
_aAU@ _cAU@ _dOCLCG _dLBB |
||
| 049 |
_aLBBK _aLBBC |
||
| 082 |
_a225.663 _bBUL |
||
| 090 |
_aBS2555 _b.B85 1966 |
||
| 100 | 1 |
_aBultmann, Rudolf Karl, _d1884-1976. _98000 |
|
| 245 | 1 | 0 |
_aForm criticism : _btwo essays on New Testament research / _cby Rudolf Bultmann [and] Karl Kundsin; translated [from the German] by Frederick C. Grant. |
| 260 |
_aNew York, N.Y. : _bHarper and Row, _c1962. |
||
| 300 |
_ax, 161p. ; _c21cm. |
||
| 500 | _aOriginally published in 1934. | ||
| 505 | 0 | _aIncludes bibliographical references. | |
| 630 | 0 | 0 |
_aBible. New testament. Gospels _xCriticism, Form. _98001 |
| 650 | 0 |
_achurch history _xPrimitive and early church, ca 30-600. _98002 |
|
| 700 | 1 |
_aKundsins, Karlis. _98003 |
|
| 942 |
_2ddc _cBK _05 |
||